[Event "OPEN 2026"]
[Site "SAINT DENIS LA REUNION"]
[Date "2026.01.10"]
[Round "1.3"]
[Board "3"]
[White "Mezouaghi, Miloud"]
[Black "Fleurie, Frederic"]
[Result "1-0"]
[WhiteElo "1955"]
[BlackElo "1499"]
[Annotator "thier"]
[PlyCount "60"]
[GameId "2264792147350089"]
[EventDate "2026.??.??"]
[WhiteTeam "Echiquier du Lagon - Ass Ecole du Lagon"]
[BlackTeam "Club Echiquier du Nord"]

1. e4 d5 2. exd5 Qxd5 3. Nc3 Qa5 4. Bc4 Nf6 5. Nf3 Bf5 6. O-O e6 7. d4 c6 8. h3 Nbd7 9. a3 Bd6 10. Bd2 Qc7 11. Nh4 Bg6 12. Re1 O-O 13. Nxg6 hxg6 14. Bf1 Nd5 15. Ne4 Be7 16. b4 N7f6 17. Ng5 Bd6 18. c4 Ne7 19. Nf3 Nf5 20. g4 Ne7 21. Qc1 Qd7 22. Ne5 Qe8 23. Bg2 Rc8 24. Bf4 Bb8 25. Qe3 Nd7 26. Nd3 a6 27. Rac1 b5 28. Bxb8 Rxb8 29. cxb5 axb5 (29... cxb5 30. Nc5 Rc8 31. Nxa6 Nb6 32. Nc5 Ned5 33. Qb3 Qd8 34. Bf1 Nf4 35. Rcd1 Rc6 36. Qf3 Nfd5 37. Bxb5 Rd6 38. Nb7) 30. Nc5 Rc8 1-0

[Event "OPEN 2026"]
[Site "SAINT DENIS LA REUNION"]
[Date "2026.01.10"]
[Round "1.4"]
[Board "4"]
[White "Leclerc, Lucas"]
[Black "De Peindray D'Ambell, Philippe"]
[Result "0-1"]
[WhiteElo "1494"]
[BlackElo "1942"]
[PlyCount "72"]
[GameId "2264776881811820"]
[EventDate "2026.??.??"]
[WhiteTeam "La Tour Saint Pierroise"]
[BlackTeam "Club d'Echecs Labourdonnais"]

1. e4 g6 2. d4 a6 3. Bc4 e6 4. Nc3 b5 5. Bb3 Bg7 6. Nf3 h6 7. Be3 d6 8. Qd2 Bb7 9. O-O-O Nd7 10. Qd3 Ne7 11. Kb1 c5 12. Nd2 c4 13. Nxc4 bxc4 14. Bxc4 Nb6 15. Bb3 d5 16. f3 Qc7 17. Ba4+ Nxa4 18. Nxa4 Bc6 19. Nc5 Qb6 20. Qa3 Nc8 21. e5 O-O 22. Rd3 Qa7 23. Qa5 Nb6 24. b3 Rfb8 25. Ka1 Nd7 26. Rc3 Rb5 27. Qa3 Nxc5 28. Rxc5 Rxc5 29. dxc5 Bxe5+ 30. Kb1 Bg7 31. Qc1 Kh7 32. h4 d4 33. Bd2 Qxc5 34. g4 a5 35. g5 h5 36. Rf1 a4 0-1

[Event "OPEN 2026"]
[Site "SAINT DENIS LA REUNION"]
[Date "2026.01.10"]
[Round "1.5"]
[Board "5"]
[White "Gretry, Patrice"]
[Black "Khantalina, Ilariya"]
[Result "1-0"]
[WhiteElo "1913"]
[BlackElo "1488"]
[PlyCount "111"]
[GameId "2264785460343273"]
[EventDate "2026.??.??"]
[WhiteTeam "Reunion Echecs Nomades"]
[BlackTeam "Club Echiquier du Nord"]

1. d4 d5 2. Nf3 e6 3. Bf4 Nf6 4. e3 Bd6 5. Ne5 c5 6. Nd2 Nc6 7. c3 Qc7 8. Ndf3 h6 9. h3 Nd7 10. Bb5 O-O 11. Bxc6 bxc6 12. Qa4 Bb7 13. O-O Rfe8 14. Nxd7 Qxd7 15. Bxd6 Qxd6 16. Ne5 cxd4 17. exd4 f6 18. Nd3 e5 19. Nc5 Bc8 20. Rfe1 e4 21. b4 Bd7 22. Qb3 a6 23. Rxe4 Bf5 24. Rxe8+ Rxe8 25. Qd1 Ra8 26. Qf3 Bg6 27. Re1 Bf7 28. Qd3 Qd8 29. a4 Qb6 30. a5 Qa7 31. Re3 Kh8 32. Qe2 Bg6 33. Re7 Qb8 34. Qg4 Qf8 35. Rb7 Qe8 36. Qe6 Qxe6 37. Nxe6 Re8 38. Nf4 Bc2 39. Rc7 g5 40. Nh5 Re6 41. g4 Re1+ 42. Kg2 Be4+ 43. f3 Re2+ 44. Kf1 Bd3 45. Kg1 Re6 46. Kf2 f5 47. gxf5 Re2+ 48. Kg3 Bxf5 49. Rxc6 Bd3 50. Rxh6+ Kg8 51. Rd6 Rc2 52. Nf6+ Kf7 53. Nxd5 Bf1 54. Ne3 Rc1 55. Nxf1 Rxf1 56. Rxa6 1-0

[Event "OPEN 2026"]
[Site "SAINT DENIS LA REUNION"]
[Date "2026.01.10"]
[Round "1.6"]
[Board "6"]
[White "Lai-Cheung-Kit, Guillaume"]
[Black "Dujardin, Amaury"]
[Result "0-1"]
[WhiteElo "1467"]
[BlackElo "1877"]
[Annotator "thier"]
[PlyCount "25"]
[GameId "2264764628734061"]
[EventDate "2026.??.??"]
[WhiteTeam "Club Echiquier du Nord"]
[BlackTeam "Echiquier du Lagon - Ass Ecole du Lagon"]

{[%evp 0,25,35,25,25,25,25,9,10,9,15,7,12,12,12,4,4,3,42,8,21,26,-24,-36,-56,-56,-37,-68]} 1. e4 e5 2. Nf3 Nc6 3. d4 exd4 4. Nxd4 Bc5 5. Be3 Qf6 6. c3 Nge7 7. Bc4 O-O 8. O-O Na5 (8... Ne5 9. Bb3 d6 10. Nb5 c6 11. N5a3 Bxe3 12. fxe3 Qh6 13. Kh1 Ng4 14. h3 Nxe3 15. Rxf7 Rxf7 16. Bxf7+ Kxf7 17. Qf3+ Kg8 18. Nd2 Be6 19. Nf1 Ng4 20. Qg3 Ne5 21. Rd1 Bxa2 22. c4 Bxc4 23. Nxc4 Nxc4 24. Qb3 b5 25. Nd2 Qe6 26. Nxc4 bxc4 27. Qb7 Rd8 28. Qc7 Qd7 29. Qa5 d5 30. Qc5 Qd6 31. Qxa7 d4 32. Qa4 Qc5 33. Rc1 Qb5 34. Qxc4+ Qxc4 35. Rxc4 d3 36. Rc1 d2 37. Rd1 Kf7 38. Kg1 Ke6 39. Kf2 Ke5 40. Ke3 c5 41. b3 Nc6) 9. Bb3 d6 10. Nb5 c6 11. N5a3 Bxe3 12. fxe3 Qh6 13. Kh1 0-1

[Event "OPEN 2026"]
[Site "SAINT DENIS LA REUNION"]
[Date "2026.01.10"]
[Round "1.7"]
[Board "7"]
[White "Larroque, Luca"]
[Black "Bigot, Antoine"]
[Result "1-0"]
[WhiteElo "1817"]
[BlackElo "1447"]
[PlyCount "59"]
[GameId "2264769419428041"]
[EventDate "2026.??.??"]
[WhiteTeam "Club Echiquier du Nord"]
[BlackTeam "Le Petit Cavalier"]

1. e4 d5 2. exd5 Qxd5 3. Nc3 Qa5 4. d4 c6 5. Bc4 Nf6 6. Nf3 Bf5 7. Ne5 e6 8. g4 Be4 9. f3 Bd5 10. Qe2 Bb4 11. Bd2 b5 12. Bxd5 Nxd5 13. Nxd5 Bxd2+ 14. Qxd2 Qxd2+ 15. Kxd2 cxd5 16. a4 Nd7 17. axb5 Nxe5 18. dxe5 Ke7 19. Ra5 Rhc8 20. Rha1 Rcb8 21. Rxa7+ Rxa7 22. Rxa7+ Ke8 23. Ra5 Rb7 24. b3 Kd7 25. c4 dxc4 26. bxc4 Kc8 27. Kc3 Rc7 28. b6 Rc6 29. c5 Kb7 30. Kb4 1-0

[Event "OPEN 2026"]
[Site "SAINT DENIS LA REUNION"]
[Date "2026.01.10"]
[Round "1.8"]
[Board "8"]
[White "Mungroo, Arvind"]
[Black "Dace, Jean Emeric"]
[Result "1/2-1/2"]
[WhiteElo "1438"]
[BlackElo "1799"]
[PlyCount "85"]
[GameId "2264787201913335"]
[EventDate "2026.??.??"]
[BlackTeam "Echiquier du Lagon - Ass Ecole du Lagon"]

1. d4 d5 2. Nf3 Nf6 3. c4 c6 4. g3 Bf5 5. Bg2 Bxb1 6. Rxb1 Qa5+ 7. Bd2 Qxa2 8. cxd5 cxd5 9. O-O e6 10. Qc2 Nc6 11. Ra1 Qc4 12. Qxc4 dxc4 13. Rfc1 Be7 14. Rxc4 O-O 15. Ne5 Nxe5 16. dxe5 Nd5 17. Bxd5 exd5 18. Rc7 Bd8 19. Rxb7 Bb6 20. Rd7 Rfd8 21. Rxd8+ Rxd8 22. Ba5 Bxa5 23. Rxa5 Rd7 24. b4 Kf8 25. e3 Ke7 26. f4 h5 27. Kf2 Ke6 28. Ra6+ Ke7 29. Ke2 Rb7 30. Ra4 Kd7 31. Kd3 Kc6 32. Kc3 Kb5 33. Ra5+ Kc6 34. Rc5+ Kd7 35. Rxd5+ Ke6 36. e4 g6 37. Rd6+ Ke7 38. f5 g5 39. h3 Rb5 40. Kc4 Rxe5 41. Rd4 a6 42. g4 h4 43. Kb3 1/2-1/2

[Event "OPEN 2026"]
[Site "SAINT DENIS LA REUNION"]
[Date "2026.01.10"]
[Round "1.10"]
[Board "10"]
[White "Hoareau, Cassandre"]
[Black "Lambert Hoareau, Guillaume"]
[Result "0-1"]
[WhiteElo "1422"]
[BlackElo "1778"]
[PlyCount "46"]
[GameId "2264768747790523"]
[EventDate "2026.??.??"]
[WhiteTeam "Le Petit Cavalier"]
[BlackTeam "L'Echiquier de Saint Joseph"]

1. e4 c5 2. c3 Nf6 3. e5 Nd5 4. d4 cxd4 5. cxd4 d6 6. Nf3 Nc6 7. Bb5 Qa5+ 8. Nc3 Nxc3 9. Bxc6+ bxc6 10. Qd2 Ba6 11. Qxc3 Qxc3+ 12. bxc3 Rb8 13. Ba3 g6 14. Rc1 Bh6 15. Rd1 Kd7 16. exd6 exd6 17. Ra1 Rhe8+ 18. Kd1 Be2+ 19. Kc2 Bxf3 20. gxf3 Re2+ 21. Kd3 Rd2+ 22. Kc4 d5+ 23. Kc5 Rb5# 0-1

[Event "OPEN 2026"]
[Site "SAINT DENIS LA REUNION"]
[Date "2026.01.10"]
[Round "1.11"]
[Board "11"]
[White "Desire, Michael"]
[Black "Blancard, Romuald"]
[Result "1-0"]
[WhiteElo "1777"]
[BlackElo "1399"]
[Annotator "thier"]
[PlyCount "87"]
[GameId "2264766634287277"]
[EventDate "2026.??.??"]
[WhiteTeam "Jeu d'Echecs Dann Trois Bassins"]
[BlackTeam "La Tour Saint Pierroise"]

1. d4 d5 2. c4 e6 3. Nc3 Nf6 4. Bf4 Bd6 5. Bg5 h6 6. Bxf6 Qxf6 7. cxd5 O-O 8. e4 e5 9. dxe5 Bxe5 10. Qc2 Re8 11. Bd3 c6 12. Nge2 Qd6 13. h3 Bxc3+ 14. Nxc3 a6 15. O-O Nd7 16. f4 cxd5 17. Nxd5 Nc5 18. Rad1 Ne6 19. e5 Qc5+ 20. Qxc5 Nxc5 21. Nc7 Nxd3 (21... Bf5) 22. Rxd3 Bf5 23. Rd6 Bd3 24. Rd1 Bc2 25. R1d2 Ba4 26. Nxa8 Rxa8 27. Rd8+ Rxd8 28. Rxd8+ Kh7 29. Kf2 Kg6 30. g4 Bc6 31. Rd6+ Kh7 32. f5 Bb5 33. a3 Kg8 34. h4 Kf8 35. g5 h5 36. Ke3 Ke7 37. Kd4 Bc6 38. Kc5 Be4 39. f6+ gxf6 40. exf6+ Ke8 41. Kb6 Bd5 42. Rxd5 a5 43. Kc7 a4 44. Rd8# 1-0

[Event "OPEN 2026"]
[Site "SAINT DENIS LA REUNION"]
[Date "2026.01.10"]
[Round "1.12"]
[Board "12"]
[White "Hasnaoui, Ghannia"]
[Black "Gomez, Antoine"]
[Result "1-0"]
[WhiteElo "1399"]
[BlackElo "1755"]
[PlyCount "61"]
[GameId "2264762378383441"]
[EventDate "2026.??.??"]
[WhiteTeam "Club d'Echecs Labourdonnais"]
[BlackTeam "Club Echiquier du Nord"]

1. d4 d6 2. Nf3 e6 3. Bf4 h6 4. e4 a6 5. Be2 b6 6. c4 Nd7 7. O-O Bb7 8. Nc3 g5 9. Be3 Qe7 10. d5 e5 11. Ne1 O-O-O 12. Bg4 Kb8 13. b4 Bc8 14. a4 Ngf6 15. Bf3 g4 16. Bxg4 Rg8 17. Bf3 Bg7 18. a5 Kb7 19. Qa4 Nb8 20. axb6 cxb6 21. b5 a5 22. Bxb6 Bg4 23. Qxa5 Kc8 24. Ba7 Kd7 25. Bxb8 Rxb8 26. Qa7+ Kd8 27. Qxb8+ Bc8 28. Ra8 Qd7 29. Na4 Bf8 30. Nb6 Rxg2+ 31. Bxg2 1-0

[Event "OPEN 2026"]
[Site "SAINT DENIS LA REUNION"]
[Date "2026.01.10"]
[Round "1.13"]
[Board "13"]
[White "Bah, Ismael"]
[Black "Hoareau, Theo"]
[Result "1-0"]
[WhiteElo "1751"]
[BlackElo "1399"]
[Annotator "thier"]
[PlyCount "60"]
[GameId "2264788333756933"]
[EventDate "2026.??.??"]
[WhiteTeam "Cergy Philidor"]
[BlackTeam "Club Echiquier du Nord"]

{[%evp 0,60,16,-5,-9,-13,49,27,59,18,36,14,25,-32,15,10,12,12,26,20,15,2,6,-5,-4,-18,-5,-36,-29,-48,-11,-4,28,-37,-21,-12,-7,-9,15,1,14,23,33,19,19,44,25,59,43,60,60,87,67,63,66,22,0,73,467,222,351,355,665]} 1. b3 d5 2. Bb2 f6 3. e3 a6 4. Nf3 e5 5. Be2 Bd6 6. d3 Nh6 7. Nbd2 Nc6 8. c4 Ne7 9. Rc1 c6 10. Qc2 Be6 11. O-O O-O 12. Qb1 Qa5 13. Rfd1 Rac8 14. Qa1 Nf7 15. a3 Qb6 16. Rb1 Qc7 17. Rbc1 c5 18. cxd5 Nxd5 19. b4 Qd7 20. bxc5 Rxc5 21. Rxc5 Bxc5 22. d4 exd4 23. Ne4 Be7 24. Nxd4 Rd8 25. Nxe6 Qxe6 26. Bf3 b5 27. Bd4 Nb6 28. Nc5 Qc4 (28... Qc8 29. Nb7 Rd7 30. Bxb6 Rxb7 31. Bxb7 Qxb7 32. Bd4 Nd6 33. Bc5 Nc4 34. Bxe7 Qxe7 35. a4 Qb4 36. axb5 axb5 37. Rd7 Qf8 38. Qd1 Qb4 39. Qd5+) 29. Nb7 Rd7 30. Bxb6 Rxb7 1-0

[Event "OPEN 2026"]
[Site "SAINT DENIS LA REUNION"]
[Date "2026.01.10"]
[Round "1.14"]
[Board "14"]
[White "Ahounkeng-Deudin, Anae"]
[Black "Duprey, Francois-Xavier"]
[Result "0-1"]
[WhiteElo "1299"]
[BlackElo "1709"]
[PlyCount "100"]
[GameId "2264784050651611"]
[EventDate "2026.??.??"]
[WhiteTeam "Le Petit Cavalier"]
[BlackTeam "Cergy Philidor"]

1. e4 c5 2. Nc3 Nc6 3. Bc4 e6 4. d3 a6 5. a3 g6 6. Nf3 Bg7 7. Bd2 b5 8. Ba2 Rb8 9. b3 Nge7 10. Rc1 O-O 11. O-O a5 12. Rb1 b4 13. axb4 axb4 14. Na4 d6 15. Re1 e5 16. Bc1 Bg4 17. h3 Bxf3 18. Qxf3 Nd4 19. Qd1 h6 20. Bd2 Kh7 21. c3 Ndc6 22. Be3 Ra8 23. Ra1 Qc7 24. Rc1 Qb7 25. Re2 Rfb8 26. Rb1 Nc8 27. Rc1 N8a7 28. f4 Nb5 29. c4 Nbd4 30. Rf2 Qe7 31. Qf1 Rf8 32. Nb6 Ra3 33. Nd5 Qh4 34. Rd2 Nxb3 35. Bxb3 Rxb3 36. Bf2 Qd8 37. fxe5 Bxe5 38. Qd1 Ra3 39. Qg4 Ne7 40. Nxe7 Qxe7 41. Rcd1 h5 42. Qe2 Bc3 43. Rc2 Rfa8 44. Rcc1 Ra2 45. Qf1 Qf6 46. Be1 Bd4+ 47. Bf2 Rxf2 48. Qxf2 Qxf2+ 49. Kh1 Ra2 50. Rf1 Qxg2# 0-1

[Event "OPEN 2026"]
[Site "SAINT DENIS LA REUNION"]
[Date "2026.01.10"]
[Round "1.15"]
[Board "15"]
[White "Frelicot, Eric"]
[Black "Belin, Jahlanne"]
[Result "1-0"]
[WhiteElo "1709"]
[BlackElo "1299"]
[PlyCount "59"]
[GameId "2264771620716782"]
[EventDate "2026.??.??"]
[WhiteTeam "Maison des Jeunes et de la Culture de St Benoit"]
[BlackTeam "Le Petit Cavalier"]

1. d4 d5 2. Bf4 Nc6 3. e3 Bf5 4. c3 Nf6 5. Nd2 e6 6. Qb3 Rb8 7. Ngf3 Bd6 8. Ne5 O-O 9. h3 Ne4 10. Nxe4 Bxe4 11. f3 Bf5 12. Qd1 Nb4 13. cxb4 Bxb4+ 14. Kf2 Qh4+ 15. g3 Qf6 16. Nd7 Qd8 17. Nxb8 Qxb8 18. g4 Bg6 19. h4 f6 20. h5 Be8 21. Bd3 f5 22. g5 a6 23. Qg1 Kf7 24. g6+ hxg6 25. Qxg6+ Ke7 26. Qxg7+ Kd8 27. Rac1 Ba5 28. Qxf8 Qc8 29. Bg5+ Kd7 30. Qe7# 1-0

[Event "OPEN 2026"]
[Site "SAINT DENIS LA REUNION"]
[Date "2026.01.10"]
[Round "1.16"]
[Board "16"]
[White "Boutin-Moreau, Mael"]
[Black "Chavallard, Yanis"]
[Result "0-1"]
[WhiteElo "1299"]
[BlackElo "1663"]
[Annotator "thier"]
[PlyCount "54"]
[GameId "2264782776492466"]
[EventDate "2026.??.??"]
[WhiteTeam "Club Echiquier du Nord"]
[BlackTeam "Echiquier du Lagon - Ass Ecole du Lagon"]

1. Nf3 c5 2. c4 g6 3. g3 Bg7 4. Bg2 Nf6 5. Nc3 O-O 6. O-O Nc6 7. d3 d6 8. e4 (8. Be3) 8... Be6 9. Re1 Qd7 10. a3 Bh3 11. Bf4 Bxg2 12. Kxg2 Rfe8 13. Rb1 Rad8 14. b4 Nh5 15. Be3 b6 16. b5 Nd4 17. Rc1 f5 18. Bg5 f4 19. Nd5 Nxf3 20. Qxf3 h6 21. Bxf4 e6 22. Nc3 Rf8 23. Ne2 e5 24. Qe3 exf4 25. gxf4 Qg4+ 26. Kh1 Nxf4 27. Rg1 Qxe2 0-1

[Event "OPEN 2026"]
[Site "SAINT DENIS LA REUNION"]
[Date "2026.01.10"]
[Round "1.17"]
[Board "17"]
[White "Mansard, Gregoire"]
[Black "Jauze, Arthur"]
[Result "1-0"]
[WhiteElo "1651"]
[BlackElo "1299"]
[PlyCount "63"]
[GameId "2264778136306042"]
[EventDate "2026.??.??"]
[WhiteTeam "Club Echiquier du Nord"]
[BlackTeam "Les Roys de l'Est"]

1. d4 d5 2. c4 e6 3. Nc3 Bb4 4. a3 Bxc3+ 5. bxc3 Nf6 6. Bg5 h6 7. Bxf6 Qxf6 8. e3 c5 9. Nf3 O-O 10. Bd3 Nc6 11. O-O Re8 12. Qc2 b6 13. cxd5 exd5 14. c4 cxd4 15. cxd5 Ne5 16. Nxe5 Qxe5 17. exd4 Qxd5 18. Rad1 Bb7 19. f3 Qxd4+ 20. Kh1 Qe3 21. Bc4 Rac8 22. Rd7 Re7 23. Rxb7 Rxc4 24. Rxe7 Qxe7 25. Qxc4 Qxa3 26. Qc8+ Kh7 27. Qf5+ Kg8 28. Re1 g6 29. Re8+ Kg7 30. Qe5+ f6 31. Qc7+ Qe7 32. Qxe7# 1-0

[Event "OPEN 2026"]
[Site "SAINT DENIS LA REUNION"]
[Date "2026.01.10"]
[Round "1.18"]
[Board "18"]
[White "Maunier, Smita"]
[Black "Larroque, Leo"]
[Result "0-1"]
[WhiteElo "1299"]
[BlackElo "1587"]
[PlyCount "74"]
[GameId "2264759485767747"]
[EventDate "2026.??.??"]
[WhiteTeam "Echiquier du Lagon - Ass Ecole du Lagon"]
[BlackTeam "Club Echiquier du Nord"]

1. e4 c5 2. Nf3 Nc6 3. Nc3 e5 4. Bc4 Nf6 5. O-O a6 6. d3 b5 7. Bb3 d6 8. Bg5 Bg4 9. Qd2 Bxf3 10. gxf3 Nd4 11. Rfe1 Nxf3+ 12. Kf1 Nxd2+ 13. Ke2 Qd7 14. Kxd2 b4 15. Rad1 bxc3+ 16. Ke2 Qg4+ 17. Kf1 Qxg5 18. Rc1 cxb2 19. Rb1 Qd2 20. Rxb2 Ng4 21. Ba4+ Kd8 22. Bc6 Nxh2+ 23. Kg1 Nf3+ 24. Kf1 Qxe1+ 25. Kg2 Qg1+ 26. Kxf3 Rc8 27. Bb5 Be7 28. Bxa6 Ra8 29. Bb5 g5 30. Bc6 Rc8 31. Bb5 g4+ 32. Ke3 Bg5+ 33. Ke2 g3 34. d4 Qxf2+ 35. Kd3 c4+ 36. Kc3 Ke7 37. Ba6 Bd2# 0-1

[Event "OPEN 2026"]
[Site "SAINT DENIS LA REUNION"]
[Date "2026.01.10"]
[Round "1.19"]
[Board "19"]
[White "Minatchy, Rayan"]
[Black "Maunier, Theo"]
[Result "1-0"]
[WhiteElo "1559"]
[BlackElo "1299"]
[PlyCount "75"]
[GameId "2264793248453217"]
[EventDate "2026.??.??"]
[WhiteTeam "Le Petit Cavalier"]
[BlackTeam "Echiquier du Lagon - Ass Ecole du Lagon"]

1. d4 d5 2. Bf4 Nc6 3. Nf3 Bf5 4. e3 a6 5. Bd3 Bg6 6. O-O Nf6 7. c4 e6 8. Nc3 Bd6 9. Bxd6 Qxd6 10. cxd5 exd5 11. a3 O-O 12. Bxg6 fxg6 13. b4 b5 14. Rc1 Rfc8 15. Qc2 Nd8 16. Rfd1 c6 17. Rd3 Ne4 18. Ne5 Rc7 19. Nxe4 dxe4 20. Rc3 Qd5 21. Rc5 Qd6 22. Qxe4 Rac8 23. Qc2 Ra8 24. a4 Rac8 25. axb5 axb5 26. Qb3+ Nf7 27. Nxf7 Rxf7 28. Rxb5 Qf6 29. f3 Kh8 30. Rbc5 h6 31. b5 Rb7 32. Qc4 Rb6 33. Rxc6 Rbxc6 34. bxc6 Qe7 35. e4 Qd6 36. Qc5 Qc7 37. d5 Rd8 38. Rd1 1-0

[Event "OPEN 2026"]
[Site "SAINT DENIS LA REUNION"]
[Date "2026.01.10"]
[Round "1.20"]
[Board "20"]
[White "Outin, Inoa"]
[Black "Tsang Chan Chung, Jean Edouard"]
[Result "0-1"]
[WhiteElo "1299"]
[BlackElo "1556"]
[Annotator "thier"]
[PlyCount "68"]
[GameId "2264779112399240"]
[EventDate "2026.??.??"]
[WhiteTeam "Echiquier du Lagon - Ass Ecole du Lagon"]
[BlackTeam "Club Echiquier du Nord"]

{[%evp 0,62,23,15,27,-2,9,34,62,65,87,45,40,18,28,28,43,-9,-30,-30,-29,-113,-113,-113,-113,-113,-113,-113,-113,-113,-113,-143,-126,-183,-192,-198,-181,-216,-216,-216,-216,-209,-199,-225,-211,-218,-214,-214,-209,-360,-360,-360,-369,-362,-359,-367,-233,-286,-285,-358,-258,-348,-302,-419,-429]} 1. d4 Nf6 2. c4 d5 3. cxd5 Nxd5 4. Nf3 g6 5. e3 Bg7 6. Bc4 O-O 7. O-O c6 8. Bxd5 cxd5 9. Nc3 Nc6 10. e4 dxe4 11. Nxe4 Nxd4 12. Nxd4 Qxd4 13. Qxd4 Bxd4 14. Rd1 Bg7 15. Be3 b6 16. f3 Bxb2 17. Rab1 Bg7 18. Bd4 Be6 19. Bxg7 Kxg7 20. a3 Rfc8 21. Rb4 Rc7 22. Ng5 Bc4 23. Ne4 b5 24. Nd2 Rd8 25. Rb2 Rcd7 26. Kf2 a6 27. Ke1 f5 28. Rbb1 e5 29. a4 Kf7 30. h3 Ke6 31. Nxc4 Rxd1+ 32. Rxd1 Rxd1+ 33. Kxd1 bxc4 34. a5 Kd5 0-1

[Event "OPEN 2026"]
[Site "SAINT DENIS LA REUNION"]
[Date "2026.01.10"]
[Round "1.21"]
[Board "21"]
[White "Firoaguer, Baptiste"]
[Black "Pajamalepadeatchy, Shivany"]
[Result "1-0"]
[WhiteElo "1541"]
[BlackElo "1299"]
[PlyCount "57"]
[GameId "2264763179065439"]
[EventDate "2026.??.??"]
[WhiteTeam "La Tour Saint Pierroise"]
[BlackTeam "Le Petit Cavalier"]

1. e4 e5 2. Nf3 Nc6 3. d4 Bd6 4. Bc4 Nf6 5. Nc3 Na5 6. Bd3 O-O 7. dxe5 Be7 8. exf6 Bxf6 9. Nd5 Be7 10. Nxe7+ Qxe7 11. O-O d6 12. h3 Nc6 13. Bf4 Ne5 14. Nxe5 dxe5 15. Be3 Qf6 16. Qe2 Qg6 17. Qf3 h5 18. Qg3 Qh7 19. Qxe5 h4 20. Qxc7 Qg6 21. Qh2 Bd7 22. e5 Bf5 23. Bxf5 Qxf5 24. c3 Rae8 25. Bc5 Rxe5 26. Bxf8 Kxf8 27. Rfe1 Rb5 28. Qb8+ Qc8 29. Qxc8# 1-0

[Event "OPEN 2026"]
[Site "SAINT DENIS LA REUNION"]
[Date "2026.01.10"]
[Round "3.1"]
[Board "1"]
[White "Lambert Hoareau, Guillaume"]
[Black "De Peindray D'Ambell, Philippe"]
[Result "0-1"]
[WhiteElo "1778"]
[BlackElo "1942"]
[PlyCount "58"]
[GameId "2265152976752954"]
[EventDate "2026.??.??"]
[WhiteTeam "L'Echiquier de Saint Joseph"]
[BlackTeam "Club d'Echecs Labourdonnais"]

1. e4 c5 2. Nf3 e6 3. d4 cxd4 4. Nxd4 a6 5. Nc3 Qc7 6. a3 Nf6 7. Be2 Nc6 8. h3 Nxd4 9. Qxd4 Bc5 10. Qd3 b5 11. Be3 Bb7 12. Bf3 Bxe3 13. Qxe3 Qe5 14. Rd1 O-O 15. Qd4 Qg5 16. h4 Qh6 17. Qd6 Bc6 18. g4 Ne8 19. Qg3 Qf6 20. Kf1 Qe7 21. Rb1 Rc8 22. Kg2 Nd6 23. Rhd1 Nc4 24. Be2 Ba8 25. Bxc4 Rxc4 26. f3 f5 27. exf5 exf5 28. Re1 Qc5 29. g5 Rg4 0-1

[Event "OPEN 2026"]
[Site "SAINT DENIS LA REUNION"]
[Date "2026.01.10"]
[Round "3.2"]
[Board "2"]
[White "Bah, Ismael"]
[Black "Dujardin, Amaury"]
[Result "1/2-1/2"]
[WhiteElo "1751"]
[BlackElo "1877"]
[Annotator "thier"]
[PlyCount "120"]
[GameId "2265164498047510"]
[EventDate "2026.??.??"]
[WhiteTeam "Cergy Philidor"]
[BlackTeam "Echiquier du Lagon - Ass Ecole du Lagon"]

{[%evp 0,57,19,-23,-27,-21,-17,-12,-6,-23,-10,-68,-81,-66,-50,-38,-30,-75,-30,-74,-39,-49,-52,-74,-79,-80,-83,-79,-64,-113,-43,-34,-21,26,124,144,127,146,140,140,143,143,146,99,148,-123,136,147,130,127,136,127,127,134,122,124,136,117,91,64]} 1. b3 e5 2. Bb2 Nc6 3. e3 a6 4. c4 Nf6 5. a3 d5 6. cxd5 Nxd5 7. Nc3 Be6 8. b4 f6 9. Rc1 Be7 10. Na4 O-O 11. Nc5 Bxc5 12. Rxc5 Qd6 13. Rc1 Rfd8 14. d3 Rd7 15. Nf3 Rad8 16. Nd2 Ndxb4 17. axb4 Nxb4 18. Ne4 Qb6 19. Nc5 Rd6 20. Nxe6 Rxe6 21. Ba1 Red6 22. Be2 c5 23. O-O Kh8 24. Qb3 Nxd3 25. Qxb6 Rxb6 26. Bxd3 Rxd3 27. Rxc5 h6 28. g3 Rbb3 29. h4 h5 30. Kg2 b5 31. Kf3 a5 32. Ke2 Rd7 33. Rfc1 Kg8 34. Rc8+ Kf7 35. R8c7 Ke7 36. Rxd7+ Kxd7 37. Kd2 b4 38. Kc2 a4 39. Bb2 Kc6 40. Rd1 e4 41. Rd8 Kb5 42. Rd7 Kc5 43. Rxg7 Rd3 44. Bd4+ Kb5 45. Rb7+ Ka5 46. f3 b3+ 47. Kc1 exf3 48. Rf7 a3 49. Rxf6 b2+ 50. Bxb2 axb2+ 51. Kxb2 Rxe3 52. Rf5+ Kb4 53. Kc2 f2 54. Rxf2 Rxg3 55. Rf5 Kc4 56. Rxh5 Rh3 57. Kd2 Kd4 58. Ke2 Ke4 59. Rh8 Kf4 60. h5 Kg5 1/2-1/2

[Event "OPEN 2026"]
[Site "SAINT DENIS LA REUNION"]
[Date "2026.01.10"]
[Round "3.3"]
[Board "3"]
[White "Larroque, Luca"]
[Black "Duprey, Francois-Xavier"]
[Result "0-1"]
[WhiteElo "1817"]
[BlackElo "1709"]
[PlyCount "54"]
[GameId "2265162774077937"]
[EventDate "2026.??.??"]
[WhiteTeam "Club Echiquier du Nord"]
[BlackTeam "Cergy Philidor"]

{[%evp 0,54,19,28,40,41,51,-16,36,16,67,15,22,23,23,27,27,34,65,49,51,47,50,24,19,41,55,30,20,14,25,20,14,-14,-9,-9,-10,-10,-10,-15,-9,-9,-8,-17,0,-9,-6,-7,0,-2,0,-10,0,-8,0,0,6]} 1. e4 c5 2. Nf3 Nc6 3. d4 cxd4 4. Nxd4 g6 5. c4 Bg7 6. Be3 Nf6 7. Nc3 O-O 8. Be2 e6 9. O-O d5 10. exd5 exd5 11. cxd5 Nxd5 12. Nxd5 Nxd4 13. Bxd4 Qxd5 14. Bxg7 Qxd1 15. Rfxd1 Kxg7 16. Rac1 Be6 17. b3 Rfd8 18. Kf1 Rxd1+ 19. Bxd1 Rd8 20. Ke1 Rd7 21. Be2 Re7 22. Kd2 Rd7+ 23. Ke3 Kf6 24. h4 h5 25. Rc5 Bf5 26. Rc3 Be6 27. Bf3 Kg7 {suite illsible, 0-1 87 ou 88 coups} 0-1

[Event "OPEN 2026"]
[Site "SAINT DENIS LA REUNION"]
[Date "2026.01.10"]
[Round "3.4"]
[Board "4"]
[White "Francou, Yvon-Johann"]
[Black "Chavallard, Yanis"]
[Result "1-0"]
[WhiteElo "1795"]
[BlackElo "1663"]
[PlyCount "81"]
[GameId "2265161978044899"]
[EventDate "2026.??.??"]
[WhiteTeam "Les Fous de Sin Dni"]
[BlackTeam "Echiquier du Lagon - Ass Ecole du Lagon"]

1. d4 d5 2. Nf3 Nf6 3. e3 Bf5 4. c4 c6 5. Nc3 e6 6. Be2 Bd6 7. h3 h6 8. Qb3 Qc8 9. Bd2 Nbd7 10. Rc1 dxc4 11. Bxc4 Nb6 12. Be2 Qd8 13. O-O O-O 14. Rfd1 Qe7 15. Be1 Ne4 16. Nxe4 Bxe4 17. Nd2 Bd5 18. Qc2 e5 19. e4 Be6 20. dxe5 Bxe5 21. Nf3 Bf4 22. Bd2 Bc7 23. Be3 Bxa2 24. Bc5 Qe6 25. Nd4 Qe5 26. g3 Rfe8 27. b3 Bxb3 28. Nxb3 Qxe4 29. Qxe4 Rxe4 30. Bf3 Re5 31. Be3 a5 32. Nc5 Rb8 33. Rb1 Nc4 34. Bd4 Re7 35. Bc3 b6 36. Na6 Ra8 37. Bxc6 Ra7 38. Nxc7 Raxc7 39. Rd8+ Kh7 40. Bb5 Na3 41. Bd3+ 1-0